[Event "Kecskemet Caissa Rating 02"]
[Site "Kecskemet"]
[Date "2013.02.23"]
[Round "8"]
[White "Donko, Matyas"]
[Black "Molnar, Zoltan"]
[Result "0-1"]
[WhiteElo "2096"]
[BlackElo "2180"]
[PlyCount "86"]
[EventDate "2013.02.16"]
[EventType "tourn"]
[EventRounds "10"]
[EventCountry "HUN"]
[SourceTitle "CBM 153 Extra"]
[Source "ChessBase"]
[SourceDate "2013.04.22"]
[SourceVersion "1"]
[SourceVersionDate "2013.04.22"]
[SourceQuality "1"]

1. e4 d5 2. exd5 Nf6 3. c4 e6 4. Nf3 exd5 5. d4 Bb4+ 6. Bd2 Bxd2+ 7. Nbxd2 0-0 8. Bd3 Re8+ 9. Ne5 Nc6 10. Ndf3 Nxd4 11. Nxd4 Rxe5+ 12. Ne2 dxc4 13. Bxc4 Qxd1+ 14. Rxd1 Be6 15. Bxe6 Rxe6 16. Rd2 Rae8 17. f3 Nh5 18. g3 f5 19. Kf2 Re5 20. Rhd1 c6 21. Nc3 Nf6 22. Rd8 Kf7 23. Rxe8 Rxe8 24. Ne2 Re7 25. h3 g5 26. Rd8 Nd5 27. f4 g4 28. hxg4 fxg4 29. Nd4 Re4 30. Nb3 Rb4 31. Rd7+ Kg6 32. Rd6+ Kf5 33. Rh6 a5 34. Ke1 a4 35. Nd2 Nf6 36. b3 axb3 37. axb3 b5 38. Kf2 c5 39. Ke3 Ne4 40. Nxe4 Rxb3+ 41. Kf2 Kxe4 42. Rxh7 Rf3+ 43. Kg2 b4 0-1

[Event "Kecskemet Caissa Rating 02"]
[Site "Kecskemet"]
[Date "2013.02.16"]
[Round "1"]
[White "Zsiros, Laszlo"]
[Black "Molnar, Zoltan"]
[Result "1/2-1/2"]
[WhiteElo "1867"]
[BlackElo "2180"]
[PlyCount "29"]
[EventDate "2013.02.16"]
[EventType "tourn"]
[EventRounds "10"]
[EventCountry "HUN"]
[SourceTitle "CBM 153 Extra"]
[Source "ChessBase"]
[SourceDate "2013.04.22"]
[SourceVersion "1"]
[SourceVersionDate "2013.04.22"]
[SourceQuality "1"]

1. d4 d5 2. Nf3 Nf6 3. Bg5 e6 4. Nc3 Be7 5. e3 Nbd7 6. Bd3 h6 7. Bxf6 Nxf6 8. 0-0 0-0 9. Ne2 c5 10. dxc5 Bxc5 11. Ned4 Re8 12. Nb3 Bb6 13. c3 e5 14. Bc2 e4 15. Nfd4 1/2-1/2

[Event "HUN-chT2 Asztalos 0203"]
[Site "Hungary"]
[Date "2003.04.06"]
[Round "10"]
[White "Molnar, Zoltan"]
[Black "Kadlicsko, Jozsef1"]
[Result "0-1"]
[WhiteElo "2214"]
[BlackElo "2071"]
[PlyCount "86"]
[EventDate "2002.09.22"]
[EventType "team-tourn"]
[EventRounds "11"]
[EventCountry "HUN"]
[SourceTitle "EXT 2009"]
[Source "ChessBase"]
[SourceDate "2008.11.26"]
[SourceVersion "1"]
[SourceVersionDate "2008.11.26"]
[SourceQuality "1"]

1. Nf3 Nf6 2. c4 g6 3. d4 Bg7 4. g3 b6 5. Bg2 Bb7 6. 0-0 0-0 7. Nc3 d5 8. cxd5 Nxd5 9. Re1 Nxc3 10. bxc3 Nd7 11. e4 c5 12. Bb2 e6 13. Qb3 Rc8 14. Nd2 Qc7 15. Rac1 Bh6 16. f4 e5 17. dxe5 Nxe5 18. Bf1 c4 19. Qc2 Qc5+ 20. Kg2 Rfd8 21. Nf3 Nxf3 22. Kxf3 f5 23. Kg2 fxe4 24. Kh1 e3+ 25. Bg2 Bxg2+ 26. Qxg2 Rd2 27. Re2 Rxe2 28. Qxe2 Qd5+ 29. Kg1 Qd3 30. Kf1 Rd8 31. Re1 Bf8 32. Bc1 Bc5 33. Kg2 Qxc3 34. Bb2 Qd2 35. Bc1 Qd3 36. Qg4 Re8 37. Re2 c3 38. f5 Qd5+ 39. Qf3 Qxf5 40. Bxe3 Qxf3+ 41. Kxf3 Bxe3 42. Rxe3 Rxe3+ 43. Kxe3 b5 0-1

[Event "HUN-chT2 Asztalos 0203"]
[Site "Hungary"]
[Date "2003.02.02"]
[Round "6"]
[White "Molnar, Zoltan"]
[Black "Pap, Gyula"]
[Result "1/2-1/2"]
[WhiteElo "2214"]
[BlackElo "2138"]
[PlyCount "55"]
[EventDate "2002.09.22"]
[EventType "team-tourn"]
[EventRounds "11"]
[EventCountry "HUN"]
[SourceTitle "EXT 2009"]
[Source "ChessBase"]
[SourceDate "2008.11.26"]
[SourceVersion "1"]
[SourceVersionDate "2008.11.26"]
[SourceQuality "1"]

1. Nf3 Nf6 2. c4 e6 3. g3 b6 4. Bg2 Bb7 5. Nc3 c5 6. 0-0 Be7 7. d4 cxd4 8. Qxd4 0-0 9. Rd1 Nc6 10. Qf4 d6 11. b3 Nb4 12. Bb2 a6 13. e4 Qb8 14. Rd2 Rd8 15. Rad1 Nc6 16. Qe3 Qc7 17. Qe2 Rac8 18. Nd4 Nxd4 19. Rxd4 Bc6 20. R1d2 Qb7 21. Ba3 Qc7 22. Qd1 Ne8 23. e5 Bxg2 24. exd6 Nxd6 25. Bxd6 Rxd6 26. Rxd6 Bxd6 27. Rxd6 Bc6 28. Qd3 1/2-1/2

[Event "HUN-chT2 9900"]
[Site "Hungary"]
[Date "2000.03.26"]
[Round "10"]
[White "Molnar, Zoltan"]
[Black "Nagy, Attila1"]
[Result "1/2-1/2"]
[WhiteElo "2163"]
[BlackElo "2187"]
[PlyCount "128"]
[EventDate "1999.09.26"]
[EventType "team-tourn"]
[EventRounds "11"]
[EventCountry "HUN"]
[SourceTitle "EXT 2002"]
[Source "ChessBase"]
[SourceDate "2001.11.25"]
[SourceVersion "1"]
[SourceVersionDate "2001.11.25"]
[SourceQuality "1"]

1. e4 c5 2. Nf3 a6 3. c3 b5 4. d4 e6 5. Bd3 Bb7 6. 0-0 Nf6 7. Qe2 Be7 8. Bg5 d6 9. a4 c4 10. Bc2 Nbd7 11. Nbd2 h6 12. Bxf6 Nxf6 13. axb5 axb5 14. b3 d5 15. e5 Nd7 16. b4 Nb6 17. Qe3 Qc7 18. Rxa8+ Bxa8 19. Ra1 Bc6 20. Ne1 Kd7 21. f4 g6 22. Nef3 h5 23. g3 Ra8 24. Qe1 Qb7 25. Qc1 Ra6 26. Ra3 Qa7 27. Rxa6 Qxa6 28. Qb2 Na4 29. Qa3 Nc5 30. Qxa6 Nxa6 31. Kf2 Kc7 32. Ng5 Bxg5 33. fxg5 Nb8 34. Nf1 Be8 35. g4 hxg4 36. Ne3 Kd7 37. Nxg4 Ke7 38. Nf6 Nc6 39. h4 Na7 40. Bd1 Nc8 41. Ke3 Nb6 42. h5 gxh5 43. Nxh5 Kf8 44. Bc2 Bc6 45. Nf4 Bd7 46. Bd1 Ke7 47. Ne2 Kf8 48. Kf4 Kg7 49. Bc2 Be8 50. Kg4 Bd7 51. Kh5 Be8 52. Kg4 Bd7 53. Kf3 Bc6 54. Ke3 Kf8 55. g6 fxg6 56. Nf4 Ke7 57. Nxg6+ Kf7 58. Nf4 Nd7 59. Bd1 Nf8 60. Bg4 Ke7 61. Nh5 Be8 62. Nf4 Bf7 63. Bh5 Nh7 64. Bd1 Nf8 1/2-1/2

[Event "HUN-chT2 9900"]
[Site "Hungary"]
[Date "2000.02.27"]
[Round "8"]
[White "Molnar, Zoltan"]
[Black "Nagyajtai, Gabor"]
[Result "1-0"]
[WhiteElo "2163"]
[BlackElo "2176"]
[PlyCount "95"]
[EventDate "1999.09.26"]
[EventType "team-tourn"]
[EventRounds "11"]
[EventCountry "HUN"]
[SourceTitle "EXT 2002"]
[Source "ChessBase"]
[SourceDate "2001.11.25"]
[SourceVersion "1"]
[SourceVersionDate "2001.11.25"]
[SourceQuality "1"]

1. e4 c6 2. d4 d5 3. f3 g6 4. Nc3 Bg7 5. Be3 dxe4 6. fxe4 Nf6 7. Nf3 0-0 8. h3 Nh5 9. Bd3 Ng3 10. Rg1 f5 11. Qd2 b5 12. e5 Nd7 13. Kf2 Nh5 14. g4 f4 15. gxh5 fxe3+ 16. Qxe3 c5 17. hxg6 h6 18. Ke2 cxd4 19. Qxd4 Bb7 20. Be4 Bxe4 21. Qxe4 e6 22. Rad1 Qc7 23. Nxb5 Qc5 24. Rxd7 Qxb5+ 25. Qd3 Qc6 26. Rd6 Qc5 27. Rd1 Bxe5 28. Rxe6 Rae8 29. Rxe8 Rxe8 30. Qd5+ Qxd5 31. Rxd5 Bxb2+ 32. Kd3 Bc1 33. Ne5 Bf4 34. Kd4 Bxe5+ 35. Rxe5 Rc8 36. c4 Kg7 37. Re6 Rd8+ 38. Kc3 Rd7 39. c5 Rd5 40. Kc4 Rd2 41. a4 Rc2+ 42. Kb5 Rb2+ 43. Ka5 h5 44. c6 h4 45. Ka6 Rb3 46. c7 Rc3 47. Kb7 Rb3+ 48. Kxa7 1-0

[Event "HUN-chT3 9900"]
[Site "Hungary"]
[Date "1999.09.26"]
[Round "1"]
[White "Ferencz, Miklos"]
[Black "Molnar, Zoltan"]
[Result "1-0"]
[WhiteElo "2265"]
[BlackElo "2163"]
[PlyCount "80"]
[EventDate "1999.09.26"]
[EventType "team-tourn"]
[EventRounds "11"]
[EventCountry "HUN"]
[SourceTitle "EXT 2002"]
[Source "ChessBase"]
[SourceDate "2001.11.25"]
[SourceVersion "1"]
[SourceVersionDate "2001.11.25"]
[SourceQuality "1"]

1. e4 e6 2. d4 d5 3. Nd2 c5 4. Ngf3 cxd4 5. exd5 Qxd5 6. Bc4 Qd6 7. 0-0 Nc6 8. Nb3 Nf6 9. Nbxd4 Nxd4 10. Nxd4 Bd7 11. c3 Qc7 12. Qe2 Bc5 13. Bg5 Bxd4 14. cxd4 0-0-0 15. Rac1 Bc6 16. b4 Kb8 17. b5 Be8 18. Bxe6 Qe7 19. Qe5+ Ka8 20. Bc4 Qd6 21. Be2 Qb6 22. Qc7 Qxc7 23. Rxc7 Bd7 24. Rfc1 Rc8 25. Bf3 Rxc7 26. Rxc7 Bc8 27. Bxf6 gxf6 28. Rxf7 f5 29. h4 h6 30. d5 Rd8 31. Rf6 Bd7 32. a4 a6 33. bxa6 Bxa4 34. axb7+ Kxb7 35. Rxh6 Kc7 36. h5 Bc2 37. Rc6+ Kd7 38. Rxc2 Rh8 39. Ra2 Kd6 40. Ra6+ Ke5 1-0

[Event "HUN-chT2 9900"]
[Site "Hungary"]
[Date "1999.09.26"]
[Round "1"]
[White "Molnar, Zoltan"]
[Black "Balazs, Tibor"]
[Result "1-0"]
[WhiteElo "2163"]
[BlackElo "2056"]
[PlyCount "107"]
[EventDate "1999.09.26"]
[EventType "team-tourn"]
[EventRounds "11"]
[EventCountry "HUN"]
[SourceTitle "EXT 2002"]
[Source "ChessBase"]
[SourceDate "2001.11.25"]
[SourceVersion "1"]
[SourceVersionDate "2001.11.25"]
[SourceQuality "1"]

1. e4 c5 2. Nf3 d6 3. d4 Nf6 4. Nc3 cxd4 5. Nxd4 Bd7 6. Bc4 g6 7. Bb3 Bg7 8. f3 Nc6 9. Be3 0-0 10. Qd2 Qa5 11. 0-0-0 Rfc8 12. h4 Ne5 13. h5 Nxh5 14. Bh6 Bxh6 15. Qxh6 Rxc3 16. bxc3 Qxc3 17. Ne2 Nd3+ 18. Rxd3 Qa1+ 19. Kd2 Qxh1 20. g4 Ng3 21. Qxh1 Nxh1 22. Ke3 a5 23. Rd1 b5 24. c3 a4 25. Bc2 Rc8 26. Rxh1 b4 27. Kd2 Bb5 28. Bd3 Bxd3 29. Kxd3 b3 30. axb3 axb3 31. Rb1 Rb8 32. Nd4 b2 33. Nc6 Rb7 34. Nb4 Rb5 35. Rxb2 Kg7 36. c4 Rc5 37. Nd5 e6 38. Ne3 Kf6 39. Rb6 Ke5 40. Ng2 g5 41. Rb5 h6 42. Rxc5+ dxc5 43. Ke3 f6 44. Ne1 Kd6 45. Nd3 Kc6 46. f4 Kb6 47. f5 exf5 48. exf5 Kc6 49. Nf2 Kd6 50. Ne4+ Ke5 51. Nxc5 h5 52. Nd7+ Kd6 53. Nxf6 h4 54. Ne4+ 1-0

[Event "HUN-chT2 9899"]
[Site "Hungary"]
[Date "1999.??.??"]
[Round "?"]
[White "Molnar, Zoltan"]
[Black "Forgacs, Jozsef"]
[Result "1/2-1/2"]
[WhiteElo "2165"]
[BlackElo "2345"]
[PlyCount "32"]
[EventDate "1998.??.??"]
[EventType "team-tourn"]
[EventRounds "12"]
[EventCountry "HUN"]
[SourceTitle "EXT 2000"]
[Source "ChessBase"]
[SourceDate "1999.11.16"]
[SourceVersion "1"]
[SourceVersionDate "1999.11.16"]
[SourceQuality "1"]

1. e4 c6 2. d4 g6 3. Nf3 Bg7 4. Nc3 d6 5. h3 b5 6. Bd3 e6 7. a4 b4 8. Ne2 a5 9. 0-0 Ba6 10. Be3 d5 11. e5 h6 12. Qd2 Ne7 13. Ng3 Bxd3 14. cxd3 Nd7 15. Rac1 Qb6 16. b3 Qa6 1/2-1/2

[Event "HUN-chT2 9899"]
[Site "Hungary"]
[Date "1999.??.??"]
[Round "?"]
[White "Nagy, Helga"]
[Black "Molnar, Zoltan"]
[Result "1-0"]
[WhiteElo "2105"]
[BlackElo "2165"]
[PlyCount "97"]
[EventDate "1998.??.??"]
[EventType "team-tourn"]
[EventRounds "12"]
[EventCountry "HUN"]
[SourceTitle "EXT 2000"]
[Source "ChessBase"]
[SourceDate "1999.11.16"]
[SourceVersion "1"]
[SourceVersionDate "1999.11.16"]
[SourceQuality "1"]

1. e4 c5 2. Nf3 g6 3. Bc4 Bg7 4. a3 e6 5. 0-0 Ne7 6. d3 0-0 7. c3 d5 8. Ba2 b6 9. Bg5 Bb7 10. Nbd2 Qd7 11. Re1 Nbc6 12. e5 h6 13. Bh4 Nf5 14. Bg3 Rae8 15. Nb3 Nxg3 16. hxg3 Qc7 17. d4 c4 18. Nbd2 b5 19. Qc2 a5 20. b3 Ne7 21. b4 Ra8 22. Rac1 Ra7 23. Bb1 axb4 24. axb4 Bc6 25. Nh4 Rfa8 26. f4 Qc8 27. g4 Bd7 28. Nf1 Ra1 29. Ne3 R8a3 30. Rf1 Rb3 31. Qd2 Be8 32. Ba2 Rxc1 33. Qxc1 g5 34. fxg5 hxg5 35. Nf3 f6 36. Bxb3 cxb3 37. Qb2 Bg6 38. Qxb3 Bd3 39. Rf2 Ng6 40. exf6 Bxf6 41. Ne1 Bc4 42. Nxc4 dxc4 43. Qb1 Nf4 44. Rxf4 gxf4 45. Qg6+ Bg7 46. Nf3 Qa6 47. Kh2 Qd6 48. Qe8+ Bf8 49. Qxb5 1-0

[Event "Kecskemet op"]
[Site "Kecskemet"]
[Date "1991.??.??"]
[Round "7"]
[White "Karpov, Alexander"]
[Black "Molnar, Zoltan"]
[Result "0-1"]
[WhiteElo "2335"]
[BlackElo "2235"]
[PlyCount "91"]
[EventDate "1991.??.??"]
[EventType "swiss"]
[EventRounds "9"]
[EventCountry "HUN"]
[SourceTitle "TD"]
[Source "ChessBase"]
[SourceDate "1994.03.01"]
[SourceVersion "1"]
[SourceVersionDate "1994.03.01"]
[SourceQuality "1"]

1. e4 c5 2. Nf3 g6 3. d4 Bg7 4. c4 Nc6 5. dxc5 Qa5+ 6. Bd2 Qxc5 7. Nc3 Nf6 8. Be2 0-0 9. 0-0 Qb6 10. Rb1 d6 11. h3 Bd7 12. Be3 Qd8 13. b4 Rc8 14. Qd2 Re8 15. Rfd1 Qc7 16. Bf4 Ne5 17. c5 Nxf3+ 18. Bxf3 e5 19. Bg5 Qc6 20. Qxd6 Qxd6 21. Rxd6 Be6 22. Rd2 h6 23. Be3 Bf8 24. Nd5 Bxd5 25. exd5 e4 26. Be2 Red8 27. d6 Nd7 28. Bc4 Ne5 29. Bd5 b6 30. Bd4 Nd3 31. Bf6 bxc5 32. Bxd8 Rxd8 33. Bxe4 Nxb4 34. a3 Na6 35. d7 Bg7 36. Rd6 Nc7 37. Rb7 Be5 38. Rd1 a6 39. a4 Kf8 40. g3 Ke7 41. Bc6 Ne6 42. Ra7 Nd4 43. Rxa6 Nxc6 44. Rxc6 Bd4 45. a5 Rxd7 46. Rb1 0-1